• 首页
  • 本馆介绍
  • 公告通知
  • 最新文献
  • 馆藏检索
  • 电子资源
  • 读者导购
  • 参考咨询
  • 我的图书馆
  • 登录
  • 详细信息显示
  • 放入我的书架
  • 预约/预借图书
  • 作者相关作品
  • 分类相关作品
  • 丛书相关作品
  • 出版社相关作品

书目信息

  • 表格格式
  • 工作单格式
  • 卡片格式
题名:
中学英语教师手册
    
 
作者: ;天津师范学院外语系中学英语教师手册编写组 , 天津外国语学院英语系 编
分册:  
出版信息: 北京   商务印书馆  1980
页数: 160页
开本: 19cm
丛书名:
单 册:
中图分类: G633.4
科图分类:
主题词: 教育--各级
电子资源:
ISBN:
000 00862nam0 2200241 45
001 0180001381
005 20060811090945.48
010    @dCNY0.42
091    @a9017.902
100    @a19950614d1980 em y0chiy0121 ea
101 0  @achi
102    @aCN@b110000
105    @ay z 000yy
200 10 @a中学英语教师手册@Azhong xue ying yu jiao shi shou ce@f天津外国语学院英语系、天津师范学院外语系《中学英语教师手册》编写组著
210    @a北京@c商务印书馆@d1980
215    @a160页@d19cm
606 0  @a教育@x各级
690    @aG633.4@v3
711 02 @a天津师范学院外语系中学英语教师手册编写组@Atian jin shi fan xue yuan wai yu xi zhong xue ying yu jiao shi shou ce bian xie zu@4编
711 02 @a天津外国语学院英语系@Atian jin wai guo yu xue yuan ying yu xi@4编
801  2 @aCN@bNLC@c20060811
801  0 @aCN@b上海图书馆@c20060803
905    @f10@b27072-081@dG633.4@e122
    
    中学英语教师手册/天津外国语学院英语系、天津师范学院外语系《中学英语教师手册》编写组著.-北京:商务印书馆,1980
    160页;19cm
    
    
    ISBN :CNY0.42
    
●
相关链接 在E读中查询图书 在五车中查询图书 在当当中查询图书 在豆瓣中查询图书


正题名:中学英语教师手册     索取号:G633.4/122         预约/预借

序号 登录号 条形码 馆藏地/架位号 状态 备注
1 0027072   001152371   密集书库/ [索取号:G633.4/122] 在馆    
2 0027073   001152415   密集书库/ [索取号:G633.4/122] 在馆    
3 0027074   001152291   密集书库/ [索取号:G633.4/122] 在馆    
4 0027075   001152095   密集书库/ [索取号:G633.4/122] 在馆    
5 0027077   001152139   密集书库/ [索取号:G633.4/122] 在馆    
6 0027078   001152335   密集书库/ [索取号:G633.4/122] 在馆    
7 0027079   001152059   密集书库/ [索取号:G633.4/122] 在馆    
8 0027080   001152219   密集书库/ [索取号:G633.4/122] 在馆    
9 0027081   001152255   密集书库/ [索取号:G633.4/122] 在馆    
10 0228411   202069572   第一样本阅览室/ [索取号:G633.4/122] 在馆    
11 0434946   204349464   密集书库/ [索取号:G633.4/122] 在馆    
12 0434947   204349473   密集书库/ [索取号:G633.4/122] 在馆    
13 0434948   204349482   密集书库/ [索取号:G633.4/122] 在馆    
14 0434949   204349491   密集书库/ [索取号:G633.4/122] 在馆    
15 0446713   204467139   密集书库/ [索取号:G633.4/122] 在馆    
16 0448624   204486243   密集书库/ [索取号:G633.4/122] 在馆    
唐山师范学院图书馆 欢迎您!
大连网信软件有限公司© 版权所有